Southampton Squad 24/25 - Statistics

General Stats
  • This quiz has been taken 50 times
    22 since last reset
  • The average score is 18 of 31
Answer Stats
# Nation Former Club Answer % Correct
35 Poland Lech Poznan Jan Bednarek
82%
20 Ghana Stade Rennais Kamaldeen Sulemana
82%
32 Nigeria Genk Paul Onuachu
82%
9 England Blackburn Adam Armstrong
73%
1 England Crystal Palace Alex McCarthy
73%
37 Germany Bochum Armel Bella-Kotchap
73%
2 England Spurs Kyle Walker-Peters
73%
26 France Chelsea Lesley Ugochukwu
73%
6 England Man City Taylor Harwood-Bellis
73%
16 Japan AZ Yuki Sugawara
73%
30 England Arsenal Aaron Ramsdale
64%
10 England Brighton Adam Lallana
64%
4 England West Ham Flynn Downes
64%
5 England Plymouth Jack Stephens
64%
7 Nigeria Rangers Joe Aribo
64%
18 Portugal Sporting Mateus Fernandes
64%
8 Ireland Youth Will Smallbone
64%
19 England Aston Villa Cameron Archer
55%
28 Spain Youth Juan Larios
55%
15 England Swansea Nathan Wood
55%
24 Scotland Newcastle Ryan Fraser
55%
3 Ireland Swansea Ryan Manning
55%
21 England Burnley Charlie Taylor
45%
13 England Middlesbrough Joe Lumley
45%
11 Scotland Sunderland Ross Stewart
45%
34 Brazil Sao Paulo Welington
45%
29 Denmark Stade Rennais Albert Gronbaek
36%
14 England Luton Town James Bree
36%
23 England Man City Samuel Edozie
36%
39 France Valenciennes Joachim Kayi Sanda
9%
33 England Youth Tyler Dibling
9%
No matching quizzes found
Score Distribution
Percent of People with Each Score
Percentile by Number Answered
Your Score History
You have not taken this quiz since the last reset